| 000 | 00834nam a2200181Ia 4500 | ||
|---|---|---|---|
| 001 | 10430 | ||
| 003 | GE_BSU | ||
| 008 | 181216s||||||||xx |||||||||||||| ||und|| | ||
| 040 | _cGE_BSU | ||
| 245 | _aქართველი მწერლები შოთა რუსთაველს | ||
| 245 | _cსარედ.კოლ:გრიგოლ აბაშიძე,რევაზ მარგიანი,გიორგი ნატროშვილი და სხვ. მხატვ:ირაკლი ჯანაშვილი. | ||
| 260 | _aთბილისი | ||
| 260 | _bლიტერატურა და ხელოვნება | ||
| 260 | _c1966 | ||
| 300 | _a462გვ;22სმ. | ||
| 653 | _aქართველი მწერლები შოთა რუსთაველს | ||
| 942 | _cBK | ||
| 999 |
_c43690 _d43690 |
||